Characteristics of company unions, 1935; (Record no. 36258)

MARC details
000 -LEADER
fixed length control field 01389cam a22003011 4500
001 - CONTROL NUMBER
control field l 38000100
003 - CONTROL NUMBER IDENTIFIER
control field DLC
005 - DATE AND TIME OF LATEST TRANSACTION
control field 20260227111536.0
008 - FIXED-LENGTH DATA ELEMENTS--GENERAL INFORMATION
fixed length control field 751017s1938 dcu f000 0 eng c
010 ## - LIBRARY OF CONGRESS CONTROL NUMBER
LC control number l 38000100
035 ## - SYSTEM CONTROL NUMBER
System control number (OCoLC)1712248
040 ## - CATALOGING SOURCE
Original cataloging agency U.S. Dept. of Labor. Library.
Transcribing agency FU-L
Modifying agency DLC
042 ## - AUTHENTICATION CODE
Authentication code premarc
050 00 - LIBRARY OF CONGRESS CALL NUMBER
Classification number HD8051
Item number .A62 no. 634
110 1# - MAIN ENTRY--CORPORATE NAME
Corporate name or jurisdiction name as entry element United States.
Subordinate unit Bureau of Labor Statistics.
245 10 - TITLE STATEMENT
Title Characteristics of company unions, 1935;
Statement of responsibility, etc. prepared by Division of industrial relations, Florence Peterson, chief.
260 ## - PUBLICATION, DISTRIBUTION, ETC.
Place of publication, distribution, etc. Washington,
Name of publisher, distributor, etc. U.S. Govt. print. off.,
Date of publication, distribution, etc. 1938.
300 ## - PHYSICAL DESCRIPTION
Extent viii, 313 p.
Other physical details diagrs.
Dimensions 24cm.
490 0# - SERIES STATEMENT
Series statement Bulletin
Volume/sequential designation no. 634
500 ## - GENERAL NOTE
General note At head of title: United States Department of labor. Frances Perkins, secretary. Bureau of labor statistics. Isador Lubin, commissioner.
500 ## - GENERAL NOTE
General note "The study was under the direction of David J. Saposs until ... December 1935, when the preparation of the report was assumed by Joseph J. Senturia. Several chaperts were written by Eleanor Davis and John V. Spielmans."--p. 11.
500 ## - GENERAL NOTE
General note "Appendix I: Company unions and the law of collective bargaining."--p. 209-256.
650 #0 - SUBJECT ADDED ENTRY--TOPICAL TERM
Topical term or geographic name entry element Company unions.
700 1# - ADDED ENTRY--PERSONAL NAME
Personal name Saposs, David Joseph,
Dates associated with a name 1886-
700 1# - ADDED ENTRY--PERSONAL NAME
Personal name Davis, Eleanor.
700 1# - ADDED ENTRY--PERSONAL NAME
Personal name Spielmans, John V.,
Dates associated with a name 1892-
740 0# - ADDED ENTRY--UNCONTROLLED RELATED/ANALYTICAL TITLE
Uncontrolled related/analytical title Company unions, Characteristics of.

No items available.

Powered by Koha